Sports Quiz

Random Sports or NFL Quiz

NFL Non-1st Round Pro Bowlers (since 2000) Quiz Stats

 Plays Quiz not verified by Sporcle

Score 0/222 Timer 20:00
0 Plays Today
Year/Team/Round/College/Position Answer % Correct
2001/CIN/2/Oregon State/WRChad Johnson
92.9%
2001/CIN/4/Auburn/RBRudi Johnson
92.9%
2004/JAX/2/Florida State/FBGreg Jones
90.5%
2007/HOU/3/Lane/WRJacoby Jones
90.5%
2010/MIA/5/Georgia/SReshad Jones
90.5%
2000/CHI/2/Nebraska/SMike Brown
88.1%
2003/SEA/7/Nebraska/KJosh Brown
88.1%
2010/PIT/6/Central Michigan/WRAntonio Brown
88.1%
2000/PIT/2/Arizona State/OTMarvel Smith
85.7%
2001/SD/2/Purdue/QBDrew Brees
85.7%
2001/PIT/2/Georgia/LBKendrell Bell
85.7%
2001/CAR/3/Utah/WRSteve Smith
85.7%
2003/MIA/3/Memphis/OTWade Smith
85.7%
2003/MIA/6/Eastern Kentucky/SYeremiah Bell
85.7%
2004/ARI/5/Oklahoma State/DEAntonio Smith
85.7%
2006/BUF/5/LSU/DTKyle Williams
85.7%
2007/NYG/2/USC/WRSteve Smith
85.7%
2013/PIT/2/Michigan State/RBLe'Veon Bell
85.7%
2001/ARI/3/NC State/SAdrian Wilson
83.3%
2012/SEA/3/Wisconsin/QBRussell Wilson
83.3%
2000/NE/6/Michigan/QBTom Brady
81%
2005/SD/2/Northern Colorado/WRVincent Jackson
81%
2006/CLE/2/Maryland/LBD'Qwell Jackson
81%
2006/SF/4/Penn State/RBMichael Robinson
81%
2007/CHI/5/New Hampshire/CBCorey Graham
81%
2008/PHI/2/California/WRDeSean Jackson
81%
2010/NO/3/Miami/TEJimmy Graham
81%
2011/BAL/6/Virginia Tech/QBTyrod Taylor
81%
2014/JAX/2/Penn State/WRAllen Robinson
81%
2000/BAL/6/Southern Mississippi/LBAdalius Thomas
78.6%
2011/GB/2/Kentucky/WRRandall Cobb
78.6%
2011/DAL/3/Oklahoma/RBDeMarco Murray
78.6%
2011/JAX/4/Portland State/TEJulius Thomas
78.6%
2013/OAK/6/UCF/RBLatavius Murray
78.6%
2008/GB/2/Kansas State/WRJordy Nelson
76.2%
2011/SEA/5/Stanford/CBRichard Sherman
76.2%
2012/WAS/6/Florida Atlantic/RBAlfred Morris
76.2%
2014/OAK/2/Fresno State/QBDerek Carr
76.2%
2004/KC/4/Idaho State/DEJared Allen
73.8%
2006/JAX/2/UCLA/RBMaurice Jones-Drew
73.8%
2007/MIN/2/South Carolina/WRSidney Rice
73.8%
2008/BAL/2/Rutgers/RBRay Rice
73.8%
2008/KC/3/Texas/RBJamaal Charles
73.8%
2011/CIN/2/TCU/QBAndy Dalton
73.8%
2013/GB/2/Alabama/RBEddie Lacy
73.8%
2004/SD/5/Northern Illinois/RBMichael Turner
71.4%
2005/NE/7/USC/QBMatt Cassel
71.4%
2010/NE/2/Arizona/TERob Gronkowski
71.4%
2010/SEA/2/Notre Dame/WRGolden Tate
71.4%
2011/PHI/6/Cincinnati/CJason Kelce
71.4%
2012/CHI/2/South Carolina/WRAlshon Jeffery
71.4%
2012/PHI/3/Arizona/QBNick Foles
71.4%
2013/KC/3/Cincinnati/TETravis Kelce
71.4%
2013/ARI/3/LSU/CBTyrann Mathieu
71.4%
2014/MIA/2/LSU/WRJarvis Landry
71.4%
2014/CAR/3/LSU/GTrai Turner
71.4%
2012/CLE/2/Baylor/WR (Supplemental)Josh Gordon
71.4%
2000/SF/7/Arizona State/LSBrian Jennings
69%
2004/IND/2/Iowa/SBob Sanders
69%
2006/GB/2/Western Michigan/WRGreg Jennings
69%
2006/IND/2/Georgia/CBTim Jennings
69%
2006/NO/4/Bloomsburg/OTJahri Evans
69%
2010/PIT/3/SMU/WREmmanuel Sanders
69%
2000/IND/2/Auburn/LBMarcus Washington
66.7%
2006/NYJ/4/Florida State/RBLeon Washington
66.7%
2010/ARI/2/TCU/LBDaryl Washington
66.7%
2010/CIN/4/Georgia/DTGeno Atkins
66.7%
2012/IND/3/Florida International/WRT.Y. Hilton
66.7%
2014/ATL/3/Florida State/RBDevonta Freeman
66.7%
2003/JAX/2/Bethune-Cookman/CBRashean Mathis
64.3%
2003/DAL/3/Tennessee/TEJason Witten
64.3%
2003/IND/5/Alabama A&M/DERobert Mathis
64.3%
2004/ATL/3/Virginia/QBMatt Schaub
64.3%
2004/SF/6/Pittsburgh/PAndy Lee
64.3%
Year/Team/Round/College/Position Answer % Correct
2005NYJ/2/Clemson/CBJustin Miller
64.3%
2005/CAR/3/Alabama/GEvan Mathis
64.3%
2005/HOU/4/Hampton/WRJerome Mathis
64.3%
2005/PHI/5/Cincinnati/DETrent Cole
64.3%
2006/NE/4/Memphis/KStephen Gostkowski
64.3%
2007/SD/2/Utah/SEric Weddle
64.3%
2007/OAK/2/Arizona State/TEZach Miller
64.3%
2010/DAL/2/Penn State/LBSean Lee
64.3%
2005/SF/3/Miami/RBFrank Gore
61.9%
2005/BAL/6/Oregon State/QBDerek Anderson
61.9%
2006/DEN/4/UCF/WRBrandon Marshall
61.9%
2009/PHI/2/Pittsburgh/RBLeSean McCoy
61.9%
2000/OAK/5/Texas A&M/PShane Lechler
59.5%
2002/PHI/2/Colorado/SMichael Lewis
59.5%
2005/SD/4/Kansas State/RBDarren Sproles
59.5%
2010/SF/3/Penn State/LBNaVorro Bowman
59.5%
2011/MIN/2/Notre Dame/TEKyle Rudolph
59.5%
2011/KC/3/Georgia/LBJustin Houston
59.5%
2012/CAR/5/Coastal Carolina/CBJosh Norman
59.5%
2002/DEN/2/Miami/RBClinton Portis
57.1%
2003/CHI/2/Louisiana Lafayette/CBCharles Tillman
57.1%
2005/GB/2/Bethune-Cookman/SNick Collins
57.1%
2005/DAL/4/Minnesota/RBMarion Barber III
57.1%
2008/CHI/2/Tulane/RBMatt Forte
57.1%
2011/CLE/4/USC/TEJordan Cameron
57.1%
2012/TB/2/Nebraska/LBLavonte David
57.1%
2013/NE/2/Southern Miss/LBJamie Collins
57.1%
2015/SEA/3/Kansas State/WRTyler Lockett
57.1%
2002/PHI/3/Villanova/RBBrian Westbrook
54.8%
2005/NYG/3/Notre Dame/DEJustin Tuck
54.8%
2008/DAL/2/Texas A&M/TEMartellus Bennett
54.8%
2008/SEA/7/California/RBJustin Forsett
54.8%
2010/SEA/5/Virginia Tech/SKam Chancellor
54.8%
2012/MIN/6/Georgia/KBlair Walsh
54.8%
2003/CHI/3/Arizona/LBLance Briggs
52.4%
2013/CAR/2/Purdue/DTKawann Short
52.4%
2000/NYJ/3/Florida State/WRLaveranues Coles
50%
2001/BUF/2/Tennessee/RBTravis Henry
50%
2006/DEN/4/Louisville/DEElvis Dumervil
50%
2008/ARI/2/Miami/DECalais Campbell
50%
2012/SEA/2/Utah State/LBBobby Wagner
50%
2001/ATL/2/North Carolina/TEAlge Crumpler
47.6%
2002/JAX/4/East Carolina/QBDavid Garrard
47.6%
2003/ARI/2/Florida State/WRAnquan Boldin
47.6%
2004/SD/3/Iowa/KNate Kaeding
47.6%
2007/CAR/2/USC/CRyan Kalil
47.6%
2006/SF/6/Central Missouri State/TEDelanie Walker
45.2%
2006/CIN/3/Virginia/LB (Supplemental)Ahmad Brooks
45.2%
2003/NYG/2/Troy State/DEOsi Umenyiora
42.9%
2004/WAS/3/Utah State/TEChris Cooley
42.9%
2006/CHI/2/Miami/CBDevin Hester
42.9%
2006/HOU/4/Wisconsin/TEOwen Daniels
42.9%
2010/CIN/2/Florida/DECarlos Dunlap
42.9%
2000/DEN/2/Michigan/LBIan Gold
40.5%
2001/MIA/2/Wisconsin/WRChris Chambers
40.5%
2001/CIN/7/Oregon State/WRT.J. Houshmandzadeh
40.5%
2010/CLE/2/Oregon/ST.J. Ward
40.5%
2000/KC/5/Texas A&M/WRDante Hall
38.1%
2001/CAR/2/Maryland/DTKris Jenkins
38.1%
2003/SF/4/Illinois/WRBrandon Lloyd
38.1%
2008/CAR/5/Louisville/TEGary Barnidge
38.1%
2008/NO/5/Nebraska/OTCarl Nicks
38.1%
2010/CAR/6/Ole Miss/DEGreg Hardy
38.1%
2006/TEN/7/Samford/CBCortland Finnegan
35.7%
2007/BAL/4/Alabama/FBLe'Ron McClain
35.7%
2008/KC/2/Virginia Tech/CBBrandon Flowers
35.7%
2001/NE/2/Purdue/OTMatt Light
33.3%
2003/MIN/2/Maryland/LBE.J. Henderson
33.3%
2006/HOU/2/Alabama/LBDeMeco Ryans
33.3%
2006/CIN/2/LSU/OTAndrew Whitworth
33.3%
2007/BAL/3/Iowa/OTMarshal Yanda
33.3%
2009/SEA/2/Oregon/CMax Unger
33.3%
2009/CHI/5/Abilene Christian/WRJohnny Knox
33.3%
2005/KC/3/Tennessee/PDustin Colquitt
31%
Year/Team/Round/College/Position Answer % Correct
2010/MIN/4/USC/DEEverson Griffen
31%
2000/GB/2/Tennessee/OTChad Clifton
28.6%
2005/SEA/2/USC/LBLofa Tatupu
28.6%
2006/NO/2/Alabama/SRoman Harper
28.6%
2006/IND/6/Howard/SAntoine Bethea
28.6%
2007/PIT/2/Michigan/LBLaMarr Woodley
28.6%
2009/ATL/2/Missouri/SWilliam Moore
28.6%
2009/IND/7/West Virginia/PPat McAfee
28.6%
2000/NO/6/West Virginia/QBMarc Bulger
26.2%
2003/NE/4/UCF/CBAsante Samuel
26.2%
2004/ARI/3/Florida State/DTDarnell Dockett
26.2%
2004/SD/4/Purdue/DEShaun Phillips
26.2%
2005/TEN/2/Eastern Washington/OTMichael Roos
26.2%
2009/BUF/2/Oregon/SJairus Byrd
26.2%
2009/HOU/2/Cincinnati/DEConnor Barwin
26.2%
2010/KC/2/Ole Miss/RBDexter McCluster
26.2%
2000/GB/5/San Diego State/DEKabeer Gbaja-Biamila
23.8%
2001/DET/2/Texas/DTShaun Rogers
23.8%
2002/DAL/2/Colorado/CAndre Gurode
23.8%
2005/DAL/7/Auburn/DTJay Ratliff
23.8%
2007/SF/4/Washington/SDashon Goldson
23.8%
2011/TEN/3/USC/DTJurrell Casey
23.8%
2006/SD/2/Auburn/OTMarcus McNeill
21.4%
2007/BUF/2/Penn State/LBPaul Posluszny
21.4%
2008/GB/4/UCF/OTJosh Sitton
21.4%
2010/TEN/7/Montana/WRMarc Mariani
21.4%
2004/NYG/2/Boston College/OTChris Snee
19%
2004/SD/3/Purdue/CNick Hardwick
19%
2005/STL/3/Nebraska/CRichie Incognito
19%
2009/SD/3/Texas Tech/GLouis Vasquez
19%
2000/CIN/6/Illinois/KNeil Rackers
16.7%
2002/PIT/7/BYU/DEBrett Keisel
16.7%
2003/IND/6/Michigan/LBCato June
16.7%
2007/DAL/6/Arizona/KNick Folk
16.7%
2009/CIN/5/Cincinnati/PKevin Huber
16.7%
2010/TEN/4/UCLA/CBAlterraun Verner
16.7%
2012/ARI/6/Presbyterian/SJustin Bethel
16.7%
2001/PHI/3/Ole Miss/DEDerrick Burgess
14.3%
2002/GB/5/Iowa/DEAaron Kampman
14.3%
2003/SEA/2/Arkansas/SKen Hamlin
14.3%
2003/NYG/5/Illinois/OTDavid Diehl
14.3%
2003/NYG/6/Syracuse/WRDavid Tyree
14.3%
2004/CHI/4/Texas/CBNathan Vasher
14.3%
2006/DAL/3/Grambling State/DEJason Hatcher
14.3%
2006/BAL/6/Nebraska/PSam Koch
14.3%
2007/NO/4/Towson/OTJermon Bushrod
14.3%
2008/NE/5/UCLA/WRMatthew Slater
14.3%
2009/HOU/4/New Mexico/SGlover Quin
14.3%
2001/BUF/2/TCU/DEAaron Schobel
11.9%
2002/NO/2/Ohio State/CLeCharles Bentley
11.9%
2003/NO/2/Georgia/OTJon Stinchcomb
11.9%
2003/NE/5/Boston College/CDan Koppen
11.9%
2007/MIA/7/Michigan State/PBrandon Fields
11.9%
2008/ATL/3/California/SThomas DeCoud
11.9%
2009/NO/5/SMU/PThomas Morstead
11.9%
2002/PIT/3/Florida State/SChris Hope
9.5%
2003/BUF/4/Northwestern State/CBTerrence McGee
9.5%
2003/BAL/4/Wake Forest/FBOvie Mughelli
9.5%
2004/TEN/3/Maryland/DTRandy Starks
9.5%
2004/GB/7/Tennessee/GScott Wells
9.5%
2005/DEN/6/Miami/GChris Myers
9.5%
2006/CLE/6/Colorado/FBLawrence Vickers
9.5%
2008/DET/5/Furman/FBJerome Felton
9.5%
2001/ARI/2/Nebraska/DEKyle Vanden Bosch
7.1%
2002/NYJ/5/Michigan/GJonathan Goodwin
7.1%
2007/NYG/4/Brown/LBZak DeOssie
7.1%
2009/CHI/4/Texas/DEHenry Melton
7.1%
2010/DEN/2/Utah/OTZane Beadles
7.1%
2001/SEA/5/Eastern Kentucky/WRAlex Bannister
4.8%
2003/CLE/5/Rice/CRyan Pontbriand
4.8%
2003/SD/6/Houston/SHanik Milligan
4.8%
2007/MIA/4/Utah/DTPaul Soliai
4.8%
2009/BAL/6/Virginia/RBCedric Peerman
4.8%
2010/SD/4/Kansas/SDarrell Stuckey
4.8%

You're not logged in!

Compare scores with friends on all Sporcle quizzes.
OR
Log In

Sporcle TV

Today on Sporcle TV


Watch our educational content, quiz creation guides, and fun videos on Sporcle TV.

Show Comments

Extras

Top Quizzes Today


Score Distribution

Your Account Isn't Verified!

In order to create a playlist on Sporcle, you need to verify the email address you used during registration. Go to your Sporcle Settings to finish the process.

Report this User

Report this user for behavior that violates our Community Guidelines.

Details: